| 000 | 00449nam a2200181Ia 4500 | ||
|---|---|---|---|
| 008 | 240925s9999 xx 000 0 und d | ||
| 020 | _a340545526 | ||
| 082 | _a538 CRA | ||
| 100 | _aCrangle, John | ||
| 245 | 0 | _aSolid State Megnetism | |
| 250 | _aNA | ||
| 260 |
_aLondon: _bEdward Arnold _c,1991. |
||
| 300 |
_avii,262p. _bNA _fOriginal |
||
| 500 | _aIncludes Index | ||
| 600 | _aHumanities & Natural Science | ||
| 650 | _aPhysics | ||
| 942 | _cBK | ||
| 999 |
_c3203 _d3203 |
||